Human Body

Bibliographic Details
Main Author: Stewart, Kathy
Format: Book
Published: Selangor : Early Learner Publication Sdn.Bhd , 2006
Series:Get to know
Subjects:

MARC

LEADER 00000cam a2200000 7i4500
001 0000006025
005 20151222.0
008 070813
020 |a 9832611458 
090 0 0 |a SC   |b ENG 
100 1 |a Stewart, Kathy 
245 1 0 |a Human Body   |c Kathy Stewart 
260 |a Selangor :   |b Early Learner Publication Sdn.Bhd ,   |c 2006 
440 |a Get to know 
500 |a Children ages 10-12 years old (pink) 
650 0 |a Human Body   |x Juvenile literature 
999 |a 0000981957   |b Book   |c Children Collection   |e Cawangan Bandar Penawar 
999 |a 0000981958   |b Book   |c Children Collection   |e Perbadanan Perpustakaan Awam Johor 
999 |a 0000981959   |b Book   |c Children Collection   |e Perbadanan Perpustakaan Awam Johor